00638nam a2200169 a 4500003000200000005001700002008004100019050002900060100003000089245009700119260009000216300004800306504004100354650001400395650002600409650003300435020250422112301.0060727s19uu xx 00 eng d aPHS QK 495.B4b.D45 2006 adelos Reyes, Joanne RJ G. aThe Effectiveness of bee propolis as microbial growth inhibitor /cJoanne RJ G. delos Reyes. aLas Piñas City, Philippines :bSouthville International School and Colleges,c2006. a32 pages :bcolored illustrations ;c28 cm. aIncludes bibliographical references. aPropolis. aAntimicrobial agents. aMicrobial growth inhibitors.